000
00325 a2200121 4500
000
nam a22 7a 4500
005
20250926164728.0
020
_a
9781538162972 (hbk)
100
_a
Rossabi, Morris
_9
846877
245
_a
China and the Uyghurs: a concise introduction
260
_b
Rowman & Littlefield
_c
2022
942
_c
TB
999
_c
1464213
_d
1464213